书目信息 |
| 题名: |
美国总统就职演说
|
|
| 作者: | 武军 , 武巍 , 杨玉莉 译 | |
| 分册: | ||
| 出版信息: | 长春 时代文艺出版社 2005.04 |
|
| 页数: | 402页 | |
| 开本: | 23cm | |
| 丛书名: | ||
| 单 册: | ||
| 中图分类: | H091 | |
| 科图分类: | ||
| 主题词: | 总统--演说--汇编--美国 | |
| 电子资源: | ||
| ISBN: | 7-5387-1966-0 | |
| 000 | 00745nam0 2200241 450 | |
| 001 | 010259324328 | |
| 005 | 20051016080948.43 | |
| 010 | @a7-5387-1966-0@dCNY39.80 | |
| 100 | @a20050606d2005 km y0chiy0120 ea | |
| 101 | 0 | @achi |
| 102 | @aCN@b220000 | |
| 105 | @ac z 000yy | |
| 200 | 1 | @a美国总统就职演说@Amei guo zong tong jiu zhi yan shuo@f武军, 武巍, 杨玉莉译@Fwu jun,wu wei,yang yu li yi |
| 210 | @a长春@c时代文艺出版社@d2005.04 | |
| 215 | @a402页@c肖像@d23cm | |
| 330 | @a本书是讲述多年来美国总统就职的演说内容。 | |
| 606 | 0 | @a总统@x演说@x汇编@y美国 |
| 690 | @aH091@v4 | |
| 701 | 0 | @a武军@Awu jun@4译 |
| 701 | 0 | @a武巍@Awu wei@4译 |
| 701 | 0 | @a杨玉莉@Ayang yu li@4译 |
| 801 | 0 | @aCN@bQSSK@c20051016 |
| 905 | @a10447@dH091@eW985 | |
| 美国总统就职演说/武军, 武巍, 杨玉莉译.-长春:时代文艺出版社,2005.04 |
| 402页:肖像;23cm |
| ISBN 7-5387-1966-0:CNY39.80 |
| 本书是讲述多年来美国总统就职的演说内容。 |
| ● |
| 相关链接 |
|
|
|
正题名:美国总统就职演说
索取号:H091/W985
 
预约/预借
| 序号 | 登录号 | 条形码 | 馆藏地/架位号 | 状态 | 备注 |
| 1 | 574673 | 205746736 | 语言库209/209语言库 64排2列6层/ [索取号:H091/W985] | 在馆 | |
| 2 | 574674 | 205746745 | 语言库209/209语言库 68排4列6层/ [索取号:H091/W985] | 在馆 | |
| 3 | 574675 | 205746754 | 语言库209/504自科库 45排6列5层/ [索取号:H091/W985] | 在馆 |